| Tag |
First Indicator |
Second Indicator |
Subfields |
| LEADER |
00000cgm a2200000Mi 4500 |
| 001 |
in00005542221 |
| 006 |
m o c |
| 007 |
cr |n||||||||a |
| 007 |
vz |za|z| |
| 008 |
180830s2005 nyu005 e o vueng d |
| 005 |
20241201225920.2 |
| 035 |
|
|
|a (OCoLC)on1104049220
|
| 040 |
|
|
|a ALSTP
|b eng
|e rda
|e pn
|c ALSTP
|d OCLCO
|d OCLCF
|d OCLCQ
|d AU@
|d OCLCO
|d UHL
|
| 019 |
|
|
|a 1110171263
|a 1113503006
|a 1373488266
|
| 035 |
|
|
|a (OCoLC)1104049220
|z (OCoLC)1110171263
|z (OCoLC)1113503006
|z (OCoLC)1373488266
|
| 043 |
|
|
|a aw-----
|
| 049 |
|
|
|a TXAM
|
| 245 |
0 |
0 |
|a Sunday morning.
|p Sunday journal :
|b peace at hand /
|c produced by Bruno Silvestre and Lynne Edwards.
|
| 246 |
3 |
0 |
|a Sunday journal :
|b peace at hand
|
| 264 |
|
1 |
|a New York, NY :
|b Columbia Broadcasting System,
|c 2005.
|
| 300 |
|
|
|a 1 online resource (5 min.)
|
| 306 |
|
|
|a 000420
|
| 336 |
|
|
|a two-dimensional moving image
|b tdi
|2 rdacontent
|
| 337 |
|
|
|a computer
|b c
|2 rdamedia
|
| 337 |
|
|
|a video
|b v
|2 rdamedia
|
| 338 |
|
|
|a online resource
|b cr
|2 rdacarrier
|
| 347 |
|
|
|a video file
|2 rda
|
| 490 |
0 |
|
|a Sunday Morning
|
| 500 |
|
|
|a Title from resource description page (viewed May 29, 2019).
|
| 520 |
|
|
|a This segment of Sunday Morning is about the chances of democratic progress in Middle East.
|
| 546 |
|
|
|a In English.
|
| 650 |
|
0 |
|a Democracy
|z Middle East.
|
| 650 |
|
0 |
|a Peace.
|
| 650 |
|
6 |
|a Paix.
|
| 650 |
|
7 |
|a Democracy.
|2 fast
|0 (OCoLC)fst00890077
|
| 650 |
|
7 |
|a Peace.
|2 fast
|0 (OCoLC)fst01055758
|
| 651 |
|
7 |
|a Middle East.
|2 fast
|0 (OCoLC)fst01241586
|
| 655 |
|
7 |
|a Television news programs.
|2 fast
|0 (OCoLC)fst01710455
|
| 655 |
|
7 |
|a Television news programs.
|2 lcgft
|
| 655 |
|
7 |
|a Téléjournaux.
|2 rvmgf
|
| 700 |
1 |
|
|a Silvestre, Bruno,
|e producer.
|
| 700 |
1 |
|
|a Edwards, Lynne,
|e producer.
|
| 710 |
2 |
|
|a CBS Inc.,
|e production company.
|
| 856 |
4 |
0 |
|u http://proxy.library.tamu.edu/login?url=https://www.aspresolver.com/aspresolver.asp?MARC;3167190
|z Connect to this streaming video (Alexander Street Press)
|t 0
|
| 955 |
|
|
|a Alexander Street Press subscription streaming video
|
| 994 |
|
|
|a 92
|b TXA
|
| 999 |
f |
f |
|s b2eae61f-613f-4c5d-aff2-9b038901b89c
|i 57331d1b-eb33-4af6-9938-e6ba0cdfb361
|t 0
|
| 952 |
f |
f |
|a Texas A&M University
|b College Station
|c Electronic Resources
|d Available Online
|t 0
|h Library of Congress classification
|
| 998 |
f |
f |
|t 0
|l Available Online
|